[Event "AUTO-OPEN-596"]
[Site "http://www.queenalice.com/game.php?id=185912"]
[Date "2007.3.22"]
[Round "1"]
[White "gbno1fan"]
[Black "alexsoncini"]
[Result "0-1"]
[WhiteElo "1280"]
[BlackElo "2028"]

1. Nf3 d5 2. g3 c5 3. d3 Nc6 4. Bg2 Bf5 5. Nbd2 Nf6 6. O-O e5 7. b3 Bd6 8. Bb2
Qd7 9. Ng5 h6 10. Nge4 dxe4 11. dxe4 Be6 12. f4 Bh3 13. Nc4 Be7 14. Nxe5 Qxd1
15. Raxd1 Bxg2 16. Kxg2 Nxe5 17. fxe5 Nxe4 18. e6 Bf6 19. Rf4 Bxb2 20. exf7+ Ke7
21. Rxe4+ Kxf7 22. Rf1+ Bf6 23. Re5 b6 24. h4 Rhe8 25. Rff5 Rxe5 0-1

[Event "AUTO-OPEN-596"]
[Site "http://www.queenalice.com/game.php?id=185925"]
[Date "2007.3.22"]
[Round "1"]
[White "Koukin"]
[Black "gbno1fan"]
[Result "0-1"]
[WhiteElo "1359"]
[BlackElo "1429"]

1. e4 e5 2. Nf3 Nc6 3. g3 d6 4. Ng5 Qxg5 5. d3 Qd8 6. Bg2 b6 7. Nd2 Bb7 8. O-O
Nd4 9. Nf3 Nf6 10. c3 Nc6 11. Ng5 Qd7 12. b4 Ng4 13. Qf3 f6 14. Nh3 O-O-O 15. b5
Ne7 16. Qd1 d5 17. Qa4 dxe4 18. Qxa7 Qxd3 19. Rd1 Qxd1+ 20. Bf1 Nd5 21. Bb2 Qc2
22. Rc1 Qxb2 23. Re1 Nxc3 24. a4 Rd2 25. a5 Nxb5 26. Qxb7+ Kxb7 27. Kh1 Nxf2+
28. Nxf2 Rxf2 29. a6+ Kxa6 30. h4 Rh2+ 31. Kg1 Qf2# 0-1

[Event "AUTO-OPEN-596"]
[Site "http://www.queenalice.com/game.php?id=185926"]
[Date "2007.3.22"]
[Round "1"]
[White "gbno1fan"]
[Black "Koukin"]
[Result "1-0"]
[WhiteElo "1389"]
[BlackElo "1390"]

1. e4 e5 2. f4 Nc6 3. Nf3 b6 4. fxe5 Nge7 5. Bc4 Ng8 6. d4 Nb4 7. Ng5 f6 8. Nf7
Qe7 9. Nxh8 fxe5 10. Bxg8 Bb7 11. Bxh7 O-O-O 12. O-O exd4 13. Nd2 Qd6 14. Nf7
Qc6 15. Nxd8 Qh6 16. Rxf8 c6 17. Nc4 Qxh7 18. Ne6# 1-0

[Event "AUTO-BEG-88"]
[Site "http://www.queenalice.com/game.php?id=188703"]
[Date "2007.3.28"]
[Round "1"]
[White "knightsdefence"]
[Black "gbno1fan"]
[Result "1-0"]
[WhiteElo "1358"]
[BlackElo "1442"]

1. f4 Nf6 2. d4 d5 3. e3 Bg4 4. Be2 Qd7 5. Bxg4 Nxg4 6. h3 Nf6 7. c3 Ne4 8. Ne2
e6 9. Qd3 Be7 10. Nd2 Qc6 11. Nxe4 dxe4 12. Qc2 Bh4+ 13. g3 Be7 14. h4 Bb4 15.
Kd1 Bd6 16. Ng1 Nd7 17. Nh3 f6 18. Nf2 e5 19. Nxe4 f5 20. Nf2 Nf6 21. Bd2 Ne4
22. Nxe4 fxe4 23. fxe5 Be7 24. Rf1 O-O-O 25. Rf4 Rhf8 26. Rxf8 Rxf8 27. Ke2 Rf3
28. Rg1 g5 29. hxg5 Bxg5 30. Qd1 Qc4+ 31. Ke1 Qxa2 32. Bc1 h5 33. Qe2 h4 34.
gxh4 Bxh4+ 35. Kd2 Bf2 36. Rd1 Bxe3+ 37. Kc2 Bf2 38. Qxe4 Qf7 39. Rd3 Rf4 40.
Bxf4 1-0

[Event "AUTO-BEG-88"]
[Site "http://www.queenalice.com/game.php?id=188704"]
[Date "2007.3.28"]
[Round "1"]
[White "gbno1fan"]
[Black "knightsdefence"]
[Result "1-0"]
[WhiteElo "1100"]
[BlackElo "1383"]

1. e4 c5 2. Nf3 Nc6 3. Bc4 h6 4. O-O e5 5. Nc3 d6 6. Nd5 Nge7 7. c3 Nxd5 8. Bxd5
Bd7 9. d4 f6 10. Qb3 Qc8 11. Bf7+ Ke7 12. Nh4 Rh7 13. Bg8 Nd8 14. Ng6+ Ke8 15.
Bxh7 Be6 16. Qb5+ Qd7 17. a4 Qxb5 18. axb5 b6 19. d5 Bf7 20. Nh4 Be7 21. Nf5 Nb7
22. Nxg7+ Kf8 23. Bxh6 Bg8 24. Ne6+ Kf7 25. Bf5 Na5 26. Rae1 Nc4 27. b3 Na5 28.
Re3 Nxb3 29. Rg3 a5 30. Rg7+ Ke8 31. Rxg8+ 1-0

[Event "Challenge"]
[Site "http://www.queenalice.com/game.php?id=206115"]
[Date "2007.5.4"]
[Round "-"]
[White "gbno1fan"]
[Black "dutchfire"]
[Result "0-1"]
[WhiteElo "1478"]
[BlackElo "1688"]

1. Nf3 Nc6 2. g3 e5 3. Bg2 Bc5 4. O-O d6 5. c3 Nf6 6. d4 exd4 7. Nxd4 Bd7 8. Bf4
Qe7 9. Nd2 Bxd4 10. cxd4 O-O-O 11. Qc2 Qxe2 12. Rae1 Qa6 13. Ne4 Nxd4 14. Qd1
Ne6 15. Qd2 Bb5 16. Bh3 Bxf1 17. Rxf1 Nxe4 18. Qe3 Nc5 19. a3 Kb8 20. Re1 Nxf4
21. gxf4 Qc6 0-1